| 000 | 00507nam a2200181Ia 4500 | ||
|---|---|---|---|
| 999 |
_c1736 _d1736 |
||
| 003 | OSt | ||
| 005 | 20200925101405.0 | ||
| 008 | 190216s9999||||xx |||||||||||||| ||und|| | ||
| 020 | _a9788180521850 | ||
| 040 | _coclc | ||
| 082 |
_a577 _bSIN/I |
||
| 100 |
_aSingh, Prithipal _94981 |
||
| 245 | 0 |
_aAn Introduction To Biodiversity / _cPrithipal Singh |
|
| 260 |
_bAne Books India, _aNew Delhi: _c2007. |
||
| 300 | _a210p | ||
| 650 | _aBotany | ||
| 942 |
_cBK _2ddc _h577 _iSIN/I _k577 _mSIN/I |
||